000 00812nam2a2200205 4500
001 RU\NLR\PER_A\003155595_001250
005 20250625030512.0
035 _a(NLR Aleph) 016292724
090 _a12949427
_c12949427
100 _a20230217d2022 |||y0rusy50 ca
101 0 _arus
102 _aRU
200 0 _aТ. 21, № 4
210 _d2022
_aБ. м.
461 0 _1001RU\NLR\INFOCOMM22\5000120017
_12001#$aРоссийский биотерапевтический журнал$eТеорет. и науч.-практ. журн.$vТ. 21, № 4
_93048951
_cМ.
_d2002 -
_nБ.и.
_oТеорет. и науч.-практ. журн.
_tРоссийский биотерапевтический журнал
_x1726-9784
_vТ. 21, № 4
852 _aNLR
_jП17/929
942 _cISSUE
980 _aNB
980 _aRUSPER